Estudio y Comprensión de la Naturaleza 6§ Básico: guía didáctica para el profesor

Zapisane w:
Opis bibliograficzny
Główni autorzy: Brahim Navarrete, Luis (Autor), Gaete Villaseñor, Matilde (Autor)
Format: Książka
Język:hiszpański
Wydane: Santiago Norma 2006
Wydanie:1a. ed
Hasła przedmiotowe:
Etykiety: Dodaj etykietę
Nie ma etykietki, Dołącz pierwszą etykiete!

MARC

LEADER 00000nam a2200000 a 4500
001 UCI7850
003 CL-VaPUC
008 080725e20060000CL |||||||||||||||||spa|d
020 |a 9563001036 
082 0 4 |a 372.357  |b BRA  |2 21 
100 0 |a Brahim Navarrete, Luis  |e author  |9 531197 
700 0 |a Gaete Villaseñor, Matilde  |e author  |9 531198 
245 1 0 |a Estudio y Comprensión de la Naturaleza 6§ Básico: guía didáctica para el profesor 
250 |a 1a. ed 
300 |a 110+191 p 
942 |c BK 
945 |d 20080725 00:00:00  |a jtorresc 
260 |a Santiago  |b Norma  |c 2006 
500 |a Incluye El Texto para el Profesor 
650 0 |a Educación básica   |9 224933 
650 0 |a Educación científica   |9 307484 
650 0 |a Métodos de enseñanza  |9 270413 
650 0 |a Libros de texto  |9 270019 
650 0 |a Ciencias naturales  |9 260542 
583 |a last modification  |c 20080725 00:00:00  |k Rodrigo Vera 
999 |c 330979  |d 330977 
952 |0 0  |1 0  |4 0  |6 372_357000000000000_BRA_2006  |7 0  |8 P  |9 417015  |a BIBEDU  |b BIBEDU  |c BIBEDU_PB  |d 2019-11-22  |i 4462947  |o 372.357 BRA 2006  |p 4462947  |r 2024-01-25  |w 2019-11-22  |y BK  |k EDU 
952 |0 0  |1 0  |4 0  |6 372_357000000000000_BRA_2006  |7 0  |8 P  |9 417016  |a BIBEDU  |b BIBEDU  |c BIBEDU_PB  |d 2019-11-22  |i 4462955  |o 372.357 BRA 2006  |p 4462955  |r 2024-01-25  |w 2019-11-22  |y BK  |k EDU